00745nam a2200241 a 4500001001300000003000900013005001700022008004100039020001000080082001600090100002100106245003000127260003700157300000900194500003500203650002200238700002100260902000800281942000700289952009600296952009600392999001500488nice12345678IN_TiNIC20260116011534.0070829s1928 lona grp 000 0 eng  ac10000a269.2bJON2 aJones, E Stanley aChrist at the Round Table aLondonbHodder & Stoughtonc1928 a320p aincludes index and biblioraphy aEvangelistic Work1 aJones, E Stanley bSRS cBK 00104070aHMIbHMId0000-00-00g100.00l0o269.2 JON2p3985r0000-00-00w2026-01-16yARB 00104070aHMIbHMId0000-00-00g100.00l0o269.2 JON2p8091r0000-00-00w2026-01-16yARB c2443d2443